Normal view
MARC view
- مصر- اثار -تاريخ
Entry Topical Term
001 - CONTROL NUMBER
- control field: 13235
003 - CONTROL NUMBER IDENTIFIER
- control field: JO-AjAnu
005 - DATE AND TIME OF LATEST TRANSACTION
- control field: 20230606072422.0
008 - FIXED-LENGTH DATA ELEMENTS
- fixed length control field: 230606|| aca||aabn | a|a d
040 ## - CATALOGING SOURCE
- Original cataloging agency: JO-AjAnu
- Transcribing agency: JO-AjAnu
150 ## - HEADING--TOPICAL TERM
- Topical term or geographic name entry element: مصر- اثار -تاريخ
670 ## - SOURCE DATA FOUND
- Source citation: Work cat.: (JO-AjAnu)6809: تاليف ناجي، أنغام عبد المنعم، م.مشارك ناجي، هدى عبد المنعم, author 13234, المعالم الأثرية والسياحية في مصر= Egyptian touristic and archeolgical sites since ancient times until present era